| 000 | 00357nam a2200133Ia 4500 | ||
|---|---|---|---|
| 008 | 150202s9999 xx 000 0 und d | ||
| 020 | _a871239027 | ||
| 050 |
_aFIC _bFIC |
||
| 100 | _aPella, Judith. | ||
| 245 |
_aTreasure of Stonewycke / _cJudith Pella. |
||
| 260 |
_aUSA : _bBethany House, _c1988. |
||
| 300 |
_a398 pages : _c18 cm. |
||
| 650 | _aFiction. | ||
| 999 |
_c282305 _d282305 |
||